Dog Breeds By Puppy Picture #3 - Statistics

General Stats
  • This quiz has been taken 170 times
  • The average score is 8 of 15
Answer Stats
Picture Answer % Correct
Dalmatian
96%
Chihuahua
93%
Husky
92%
Labrador
77%
St Bernard
60%
West Highland White Terrier
60%
Cavalier King Charles Spaniel
55%
Weimaraner
53%
Shar Pei
52%
Pekingese
49%
English Bulldog
42%
Old English Sheepdog
29%
Shih Tzu
28%
Airedale Terrier
23%
English Setter
22%
No matching quizzes found
Score Distribution
Percent of People with Each Score
Percentile by Number Answered
Your Score History
You have not taken this quiz